[Event "September Lviv Tradition 2019"]
[Site "Lviv"]
[Date "2019.09.25"]
[Round "5.5"]
[White "Siniauski, Artsiom"]
[Black "Prydun, Andriy"]
[Result "1/2-1/2"]
[WhiteElo "2233"]
[BlackElo "2273"]
[Annotator "NA"]
[PlyCount "110"]
[EventDate "2019.09.23"]
[EventType "tourn"]
[EventCountry "UKR"]
[SourceTitle "playchess.com"]
[Source "ChessBase"]
[SourceQuality "1"]
[TimeControl "5400+30"]

1. e4 {[%emt 0:00:00]} c6 {[%emt 0:00:00]} 2. d4 {[%emt 0:00:00]} d5 {[%emt 0:00:00]} 3. Nd2 {[%emt 0:00:00]} dxe4 {[%emt 0:00:00]} 4. Nxe4 {[%emt 0:00:01]} Nd7 {[%emt 0:00:00]} 5. Nf3 {[%emt 0:00:14]} Ngf6 {[%emt 0:00:04]} 6. Ng3 {[%emt 0:00:07]} e6 {[%emt 0:00:06]} 7. Bd3 {[%emt 0:00:13]} c5 {[%emt 0:00:07]} 8. O-O {[%emt 0:03:50]} cxd4 {[%emt 0:00:10]} 9. Nxd4 {[%emt 0:00:36]} Nc5 {[%emt 0:00:02]} 10. Be2 {[%emt 0:02:21]} Be7 {[%emt 0:00:31]} 11. c3 {[%emt 0:04:11]} O-O {[%emt 0:02:26]} 12. Qc2 {[%emt 0:02:36]} Bd7 {[%emt 0:02:45]} 13. Rd1 {[%emt 0:01:25]} Rc8 {[%emt 0:08:17]} 14. Bd2 {[%emt 0:02:43]} Qc7 {[%emt 0:03:21]} 15. a4 {[%emt 0:03:47]} b6 {[%emt 0:13:25]} 16. b4 {[%emt 0:10:38]} Nb7 {[%emt 0:00:05]} 17. Qb3 {[%emt 0:00:10]} Nd6 {[%emt 0:03:32]} 18. Nb5 {[%emt 0:02:01]} Bxb5 {[%emt 0:02:13]} 19. axb5 {[%emt 0:00:18]} Nd5 {[%emt 0:00:22]} 20. Rac1 {[%emt 0:08:10]} Nc4 {[%emt 0:06:36]} 21. Be1 {[%emt 0:00:48]} Bf6 {[%emt 0:10:42]} 22. Ne4 {[%emt 0:01:27]} Be5 {[%emt 0:03:17]} 23. g3 {[%emt 0:00:32]} Rfd8 {[%emt 0:04:00]} 24. Ng5 {[%emt 0:17:52]} Bf6 {[%emt 0:05:31]} 25. Ne4 {[%emt 0:04:09]} Be5 {[%emt 0:00:16]} 26. Ng5 {[%emt 0:00:13]} Bf6 {[%emt 0:05:40]} 27. Nf3 {[%emt 0:00:42]} Rd7 {[%emt 0:09:14]} 28. Nd4 {[%emt 0:01:50]} Ne5 {[%emt 0:00:02]} 29. c4 {[%emt 0:02:48]} Ne7 {[%emt 0:00:02]} 30. Nf3 {[%emt 0:00:34]} Nxf3+ {[%emt 0:01:01]} 31. Qxf3 {[%emt 0:08:29]} Bd4 {[%emt 0:07:46]} 32. Bd3 {[%emt 0:06:04]} Qd8 {[%emt 0:02:50]} 33. Be4 {[%emt 0:02:32]} Rd6 {[%emt 0:03:40]} 34. Qe2 {[%emt 0:02:02]} e5 {[%emt 0:01:11]} 35. Bd2 {[%emt 0:01:30]} Rc7 {[%emt 0:00:35]} 36. Be3 {[%emt 0:01:24]} Bxe3 {[%emt 0:00:51]} 37. fxe3 {[%emt 0:00:31]} Rxc4 {[%emt 0:00:45]} 38. Qxc4 {[%emt 0:02:44]} Rxd1+ {[%emt 0:00:08]} 39. Rxd1 {[%emt 0:00:06]} Qxd1+ {[%emt 0:00:02]} 40. Kf2 {[%emt 0:00:21]} Qd2+ {[%emt 0:01:43]} 41. Kf3 {[%emt 0:00:51]} Qd6 {[%emt 0:05:16]} 42. Bc6 {[%emt 0:00:45]} g6 {[%emt 0:00:25]} 43. e4 {[%emt 0:01:58]} Kg7 {[%emt 0:00:15]} 44. Bd5 {[%emt 0:00:04]} h5 {[%emt 0:00:56]} 45. Ke3 {[%emt 0:00:17]} f5 {[%emt 0:00:30]} 46. Qa2 {[%emt 0:01:55]} f4+ {[%emt 0:00:50]} 47. Kf3 {[%emt 0:01:34]} Qxb4 {[%emt 0:01:18]} 48. Qxa7 {[%emt 0:00:37]} g5 {[%emt 0:00:35]} 49. Qc7 {[%emt 0:01:28]} g4+ {[%emt 0:00:28]} 50. Kf2 {[%emt 0:00:18]} Qb2+ {[%emt 0:00:36]} 51. Ke1 {[%emt 0:00:40]} Qb4+ {[%emt 0:00:18]} 52. Kd1 {[%emt 0:00:41]} Qb1+ {[%emt 0:00:34]} 53. Kd2 {[%emt 0:00:09]} Qb2+ {[%emt 0:00:28]} 54. Ke1 {[%emt 0:00:33]} Qb4+ {[%emt 0:00:21]} 55. Kd1 {[%emt 0:00:10]} Qb1+ {[%emt 0:00:43]} 1/2-1/2

[Event "September Lviv Tradition 2019"]
[Site "Lviv"]
[Date "2019.09.26"]
[Round "6.1"]
[White "Goikhman, Valentin"]
[Black "Prydun, Andriy"]
[Result "1-0"]
[WhiteElo "2295"]
[BlackElo "2273"]
[Annotator "NA"]
[PlyCount "57"]
[EventDate "2019.09.23"]
[EventType "tourn"]
[EventCountry "UKR"]
[SourceTitle "playchess.com"]
[Source "ChessBase"]
[SourceQuality "1"]
[TimeControl "5400+30"]

1. e4 {[%emt 0:00:00]} c6 {[%emt 0:00:00]} 2. d4 {[%emt 0:00:26]} d5 {[%emt 0:00:00]} 3. e5 {[%emt 0:00:26]} Bf5 {[%emt 0:00:00]} 4. Nf3 {[%emt 0:03:16]} e6 {[%emt 0:00:00]} 5. c4 {[%emt 0:03:17]} Nd7 {[%emt 0:01:43]} 6. Nc3 {[%emt 0:02:11]} Ne7 {[%emt 0:01:14]} 7. b3 {[%emt 0:09:20]} Bg4 {[%emt 0:02:08]} 8. Be2 {[%emt 0:03:50]} Nf5 {[%emt 0:01:17]} 9. O-O {[%emt 0:01:35]} dxc4 {[%emt 0:00:45]} 10. bxc4 {[%emt 0:00:27]} Nb6 {[%emt 0:00:05]} 11. c5 {[%emt 0:03:46]} Nd5 {[%emt 0:16:56]} 12. Ne4 {[%emt 0:00:33]} Be7 {[%emt 0:00:12]} 13. h3 {[%emt 0:10:00]} Bxf3 {[%emt 0:00:15]} 14. Bxf3 {[%emt 0:00:08]} O-O {[%emt 0:00:21]} 15. Nd6 {[%emt 0:04:00]} Bxd6 {[%emt 0:00:14]} 16. exd6 {[%emt 0:04:34]} b6 {[%emt 0:06:11]} 17. Re1 {[%emt 0:10:23]} bxc5 {[%emt 0:05:10]} 18. dxc5 {[%emt 0:05:32]} Qa5 {[%emt 0:00:12]} 19. Bxd5 {[%emt 0:12:50]} cxd5 {[%emt 0:00:09]} 20. g4 {[%emt 0:01:31]} Nd4 {[%emt 0:00:08]} 21. Qxd4 {[%emt 0:02:50]} Qxe1+ {[%emt 0:00:12]} 22. Kg2 {[%emt 0:00:07]} Rac8 {[%emt 0:12:40]} 23. d7 {[%emt 0:02:44]} Rc6 {[%emt 0:06:21]} 24. Bd2 {[%emt 0:01:19]} Qe2 {[%emt 0:15:10]} 25. Ba5 {[%emt 0:05:22]} Qc2 {[%emt 0:11:19]} 26. d8=Q {[%emt 0:01:45]} Rxd8 {[%emt 0:00:03]} 27. Bxd8 {[%emt 0:00:05]} Rxc5 {[%emt 0:00:02]} 28. Bg5 {[%emt 0:03:13]} h6 {[%emt 0:01:59]} 29. Rc1 1-0

[Event "September Lviv Tradition 2019"]
[Site "Lviv"]
[Date "2019.09.26"]
[Round "6.2"]
[White "Gavrish, Leonid"]
[Black "Siniauski, Artsiom"]
[Result "1/2-1/2"]
[WhiteElo "2022"]
[BlackElo "2233"]
[Annotator "NA"]
[PlyCount "97"]
[EventDate "2019.09.23"]
[EventType "tourn"]
[EventCountry "UKR"]
[SourceTitle "playchess.com"]
[Source "ChessBase"]
[SourceQuality "1"]
[TimeControl "5400+30"]

1. c4 {[%emt 0:00:00]} e5 {[%emt 0:00:00]} 2. g3 {[%emt 0:00:00]} Nf6 {[%emt 0:00:09]} 3. Bg2 {[%emt 0:00:00]} d5 {[%emt 0:00:22]} 4. cxd5 {[%emt 0:00:03]} Nxd5 {[%emt 0:00:10]} 5. Nf3 {[%emt 0:00:18]} Nc6 {[%emt 0:00:17]} 6. O-O {[%emt 0:00:35]} Nb6 {[%emt 0:00:19]} 7. Nc3 {[%emt 0:00:25]} Be7 {[%emt 0:01:17]} 8. d3 {[%emt 0:00:22]} O-O {[%emt 0:00:46]} 9. Be3 {[%emt 0:06:28]} Be6 {[%emt 0:02:21]} 10. a3 {[%emt 0:06:56]} a5 {[%emt 0:05:56]} 11. Na4 {[%emt 0:03:46]} Nxa4 {[%emt 0:03:40]} 12. Qxa4 {[%emt 0:00:13]} Qd7 {[%emt 0:00:23]} 13. Rfc1 {[%emt 0:01:08]} f6 {[%emt 0:04:22]} 14. Qb5 {[%emt 0:08:41]} Bd6 {[%emt 0:23:57]} 15. Nd2 {[%emt 0:21:15]} Nd8 {[%emt 0:03:27]} 16. Qxd7 {[%emt 0:01:07]} Bxd7 {[%emt 0:00:08]} 17. Ne4 {[%emt 0:06:09]} Bc6 {[%emt 0:01:41]} 18. Bc5 {[%emt 0:11:04]} Bxc5 {[%emt 0:02:55]} 19. Nxc5 {[%emt 0:00:22]} Bxg2 {[%emt 0:02:00]} 20. Kxg2 {[%emt 0:00:14]} Rf7 {[%emt 0:00:59]} 21. f4 {[%emt 0:04:06]} b6 {[%emt 0:01:49]} 22. Ne4 {[%emt 0:01:03]} exf4 {[%emt 0:00:32]} 23. gxf4 {[%emt 0:00:13]} Ne6 {[%emt 0:00:20]} 24. e3 {[%emt 0:04:16]} f5 {[%emt 0:01:34]} 25. Ng5 {[%emt 0:01:05]} Nxg5 {[%emt 0:09:58]} 26. fxg5 {[%emt 0:00:08]} Rd8 {[%emt 0:00:20]} 27. Rc3 {[%emt 0:02:54]} Rfd7 {[%emt 0:01:03]} 28. Rd1 {[%emt 0:04:29]} c5 {[%emt 0:00:46]} 29. Kf3 {[%emt 0:01:01]} Kf7 {[%emt 0:00:44]} 30. Kf4 {[%emt 0:03:29]} Rd5 {[%emt 0:02:25]} 31. h4 Kg6 {[%emt 0:00:54]} 32. a4 {[%emt 0:04:37]} R8d6 {[%emt 0:03:06]} 33. Rd2 {[%emt 0:02:00]} h6 {[%emt 0:03:38]} 34. Rg2 {[%emt 0:03:17]} Rxd3 {[%emt 0:06:22]} 35. gxh6+ {[%emt 0:00:20]} Kxh6 {[%emt 0:00:17]} 36. Rxd3 {[%emt 0:00:37]} Rxd3 {[%emt 0:00:07]} 37. Kxf5 {[%emt 0:00:21]} Rxe3 {[%emt 0:00:00]} 38. Rg6+ {[%emt 0:00:15]} Kh5 {[%emt 0:01:11]} 39. Rxb6 {[%emt 0:01:01]} Kxh4 {[%emt 0:00:29]} 40. Rb5 {[%emt 0:00:54]} g5 {[%emt 0:00:53]} 41. Rxa5 {[%emt 0:00:36]} g4 {[%emt 0:01:02]} 42. Ra8 {[%emt 0:00:11]} Re2 {[%emt 0:02:49]} 43. a5 {[%emt 0:03:05]} Rxb2 {[%emt 0:03:18]} 44. a6 {[%emt 0:00:01]} Ra2 {[%emt 0:00:20]} 45. a7 {[%emt 0:00:02]} Kg3 {[%emt 0:00:09]} 46. Rg8 {[%emt 0:00:13]} Rxa7 {[%emt 0:00:11]} 47. Rxg4+ {[%emt 0:00:02]} Kf3 {[%emt 0:00:08]} 48. Rc4 {[%emt 0:00:10]} Rc7 {[%emt 0:00:41]} 49. Ke5 {[%emt 0:00:13] Ke4+} 1/2-1/2

[Event "September Lviv Tradition 2019"]
[Site "Lviv"]
[Date "2019.09.26"]
[Round "6.3"]
[White "Rydstrom, Tom"]
[Black "Sevostianov, Pavel"]
[Result "1-0"]
[WhiteElo "2322"]
[BlackElo "2260"]
[Annotator "NA"]
[PlyCount "55"]
[EventDate "2019.09.23"]
[EventType "tourn"]
[EventCountry "UKR"]
[SourceTitle "playchess.com"]
[Source "ChessBase"]
[SourceQuality "1"]
[TimeControl "5400+30"]

1. e4 {[%emt 0:00:44]} d6 {[%emt 0:00:00]} 2. d4 {[%emt 0:00:05]} Nf6 {[%emt 0:00:00]} 3. Nc3 {[%emt 0:00:03]} e5 {[%emt 0:00:00]} 4. Nf3 {[%emt 0:00:12]} Nbd7 {[%emt 0:00:05]} 5. Bc4 {[%emt 0:00:06]} Be7 {[%emt 0:00:20]} 6. O-O {[%emt 0:00:31]} O-O {[%emt 0:00:39]} 7. Re1 {[%emt 0:00:36]} Nb6 {[%emt 0:04:05]} 8. Bf1 {[%emt 0:00:29]} Nfd7 {[%emt 0:02:13]} 9. a4 {[%emt 0:02:00]} a5 {[%emt 0:00:07]} 10. Be3 {[%emt 0:04:25]} exd4 {[%emt 0:00:45]} 11. Nxd4 {[%emt 0:04:22]} Nc5 {[%emt 0:03:16]} 12. g3 {[%emt 0:19:13]} Bf6 {[%emt 0:00:22]} 13. Bg2 {[%emt 0:00:55]} Re8 {[%emt 0:01:00]} 14. b3 {[%emt 0:01:09]} Bd7 $16 {[%emt 0:02:48]} 15. Qd2 {[%emt 0:00:31]} Qc8 {[%emt 0:01:01]} 16. Rad1 {[%emt 0:02:56]} Bg4 {[%emt 0:02:14]} 17. f3 {[%emt 0:01:50]} Bd7 {[%emt 0:00:20]} 18. Qf2 {[%emt 0:08:37]} Qd8 {[%emt 0:07:24]} 19. f4 {[%emt 0:01:08]} Qc8 {[%emt 0:03:08]} 20. Qf1 {[%emt 0:08:22]} Re7 {[%emt 0:07:42]} 21. h3 {[%emt 0:00:14]} Qe8 {[%emt 0:03:55]} 22. Qf2 {[%emt 0:04:05]} Rd8 {[%emt 0:12:04]} 23. Ndb5 {[%emt 0:09:23]} Bxb5 {[%emt 0:01:58]} 24. Nxb5 {[%emt 0:00:06]} Nxe4 {[%emt 0:05:19]} 25. Bxe4 {[%emt 0:00:26]} Rxe4 {[%emt 0:00:06]} 26. Nxc7 {[%emt 0:00:13]} Qc6 {[%emt 0:00:11]} 27. Bxb6 {[%emt 0:00:39]} Rxe1+ {[%emt 0:00:09]} 28. Rxe1 {[%emt 0:00:03]} 1-0

[Event "September Lviv Tradition 2019"]
[Site "Lviv"]
[Date "2019.09.26"]
[Round "6.4"]
[White "Cherniaiev, Tykhon"]
[Black "Nester, Ihor"]
[Result "0-1"]
[WhiteElo "2112"]
[BlackElo "2383"]
[Annotator "NA"]
[PlyCount "166"]
[EventDate "2019.09.23"]
[EventType "tourn"]
[EventCountry "UKR"]
[SourceTitle "playchess.com"]
[Source "ChessBase"]
[SourceQuality "1"]
[TimeControl "5400+30"]

1. e4 {[%emt 0:00:00]} e5 {[%emt 0:00:00]} 2. Nf3 {[%emt 0:00:00]} Nc6 {[%emt 0:00:00]} 3. Bb5 {[%emt 0:00:01]} a6 {[%emt 0:00:00]} 4. Ba4 {[%emt 0:00:17]} Nf6 {[%emt 0:00:00]} 5. O-O {[%emt 0:00:32]} Be7 {[%emt 0:00:00]} 6. Re1 {[%emt 0:00:07]} b5 {[%emt 0:00:02]} 7. Bb3 {[%emt 0:00:05]} d6 {[%emt 0:00:03]} 8. c3 {[%emt 0:00:06]} O-O {[%emt 0:00:06]} 9. h3 {[%emt 0:00:04]} Na5 {[%emt 0:04:40]} 10. Bc2 {[%emt 0:00:22]} c5 {[%emt 0:00:02]} 11. d4 {[%emt 0:01:46]} Qc7 {[%emt 0:00:12]} 12. Nbd2 {[%emt 0:14:51]} cxd4 {[%emt 0:00:38]} 13. cxd4 {[%emt 0:00:09]} Nc6 {[%emt 0:00:06]} 14. d5 {[%emt 0:17:26]} Nb4 {[%emt 0:00:13]} 15. Bb1 {[%emt 0:01:17]} a5 {[%emt 0:00:02]} 16. a3 {[%emt 0:11:39]} Na6 {[%emt 0:00:07]} 17. Bd3 {[%emt 0:03:11]} Bd7 {[%emt 0:00:08]} 18. Qe2 {[%emt 0:01:14]} Rab8 $11 {[%emt 0:06:12]} 19. Nf1 {[%emt 0:15:45]} Nc5 {[%emt 0:00:36]} 20. b4 {[%emt 0:02:36]} axb4 {[%emt 0:20:01]} 21. axb4 {[%emt 0:00:06]} Nxd3 {[%emt 0:00:15]} 22. Qxd3 {[%emt 0:00:08]} Rfc8 {[%emt 0:08:50]} 23. Bd2 {[%emt 0:03:10]} Qc4 {[%emt 0:02:21]} 24. Qxc4 {[%emt 0:01:30]} bxc4 {[%emt 0:01:07]} 25. Bc3 {[%emt 0:00:23]} Ne8 {[%emt 0:04:46]} 26. Ra7 {[%emt 0:04:04]} Rc7 {[%emt 0:01:28]} 27. Rxc7 {[%emt 0:00:23]} Nxc7 {[%emt 0:00:03]} 28. Ne3 {[%emt 0:00:44]} Nb5 {[%emt 0:00:22]} 29. Ba1 {[%emt 0:00:54]} c3 {[%emt 0:00:31]} 30. Rc1 {[%emt 0:01:22]} Nd4 {[%emt 0:04:09]} 31. Kh2 {[%emt 0:00:31]} Ne2 {[%emt 0:12:20]} 32. Rc2 {[%emt 0:02:26]} Bb5 {[%emt 0:00:14]} 33. Ng1 {[%emt 0:04:53]} Nxg1 {[%emt 0:00:54]} 34. Kxg1 {[%emt 0:00:05]} Bd3 {[%emt 0:06:16]} 35. Rxc3 {[%emt 0:00:07]} Bxe4 {[%emt 0:00:04]} 36. Rc7 {[%emt 0:03:44]} Bf8 {[%emt 0:00:25]} 37. Bc3 {[%emt 0:00:43]} f5 {[%emt 0:00:37]} 38. f3 {[%emt 0:02:43]} Bd3 {[%emt 0:00:47]} 39. Nc4 {[%emt 0:06:35]} Bxc4 {[%emt 0:02:50]} 40. Rxc4 {[%emt 0:00:08]} Rb5 {[%emt 0:00:34]} 41. f4 {[%emt 0:01:49]} Rxd5 {[%emt 0:01:30]} 42. g4 {[%emt 0:00:40]} Rd1+ {[%emt 0:03:26]} 43. Kg2 {[%emt 0:02:20]} d5 {[%emt 0:00:42]} 44. Rc8 {[%emt 0:00:02]} d4 {[%emt 0:00:31]} 45. fxe5 {[%emt 0:00:48]} dxc3 {[%emt 0:00:14]} 46. e6 {[%emt 0:00:07]} Re1 {[%emt 0:00:17]} 47. gxf5 {[%emt 0:00:06]} g6 {[%emt 0:01:08]} 48. b5 {[%emt 0:01:26]} gxf5 {[%emt 0:03:50]} 49. b6 {[%emt 0:00:26]} Kg7 {[%emt 0:00:16]} 50. b7 {[%emt 0:00:36]} Bd6 {[%emt 0:00:02]} 51. Rxc3 {[%emt 0:00:06]} Kf6 {[%emt 0:03:06]} 52. Rc6 {[%emt 0:00:46]} Be5 {[%emt 0:00:01]} 53. Rc5 {[%emt 0:00:38]} Bf4 {[%emt 0:01:07]} 54. Kf3 {[%emt 0:00:29]} Re4 {[%emt 0:03:48]} 55. e7 {[%emt 0:00:15]} Bh2 {[%emt 0:03:59]} 56. e8=Q {[%emt 0:00:43]} Rxe8 {[%emt 0:00:13]} 57. Rc8 {[%emt 0:00:06]} Kf7 {[%emt 0:00:09]} 58. Rc5 {[%emt 0:00:28]} Ke6 {[%emt 0:00:37]} 59. Rc8 {[%emt 0:00:43]} Kd7 {[%emt 0:00:03]} 60. Rc5 {[%emt 0:00:05]} Rf8 {[%emt 0:00:36]} 61. Rc4 {[%emt 0:00:58]} Bc7 {[%emt 0:05:48]} 62. Rh4 {[%emt 0:00:27]} Rf7 {[%emt 0:01:00]} 63. Rc4 {[%emt 0:00:08]} Rg7 {[%emt 0:01:09]} 64. Rb4 {[%emt 0:00:43]} Bb8 {[%emt 0:00:47]} 65. Rc4 {[%emt 0:00:36]} Kd6 {[%emt 0:01:03]} 66. Rb4 {[%emt 0:00:43]} Kc6 {[%emt 0:00:12]} 67. Rh4 {[%emt 0:00:26]} Rxb7 {[%emt 0:00:29]} 68. Rh5 {[%emt 0:00:23]} Rf7 {[%emt 0:00:19]} 69. Rg5 {[%emt 0:00:22]} Kd5 {[%emt 0:00:08]} 70. h4 {[%emt 0:00:21]} Ke5 {[%emt 0:00:02]} 71. h5 {[%emt 0:00:13]} Kf6 {[%emt 0:00:03]} 72. Rg8 {[%emt 0:00:06]} Bc7 {[%emt 0:00:10]} 73. h6 {[%emt 0:00:30]} Bd6 {[%emt 0:00:16]} 74. Rg1 {[%emt 0:00:32]} Bf8 {[%emt 0:00:11]} 75. Rh1 {[%emt 0:00:03]} Ra7 {[%emt 0:00:08]} 76. Rd1 {[%emt 0:00:31]} Bxh6 {[%emt 0:00:13]} 77. Rd6+ {[%emt 0:00:08]} Kg5 {[%emt 0:00:02]} 78. Rd8 {[%emt 0:00:09]} Ra3+ {[%emt 0:00:05]} 79. Kg2 {[%emt 0:00:06]} Kg4 {[%emt 0:00:12]} 80. Rh8 {[%emt 0:00:10]} Ra2+ {[%emt 0:00:07]} 81. Kf1 {[%emt 0:00:06]} Kf3 {[%emt 0:00:17]} 82. Kg1 {[%emt 0:00:05]} Bf4 {[%emt 0:00:14]} 83. Rxh7 {[%emt 0:00:10]} Ra1# {[%emt 0:00:01]} 0-1

[Event "September Lviv Tradition 2019"]
[Site "Lviv"]
[Date "2019.09.26"]
[Round "6.5"]
[White "Vakulenko, Oleksandr"]
[Black "Frolov, Artur"]
[Result "1/2-1/2"]
[WhiteElo "2167"]
[BlackElo "2425"]
[Annotator "NA"]
[PlyCount "117"]
[EventDate "2019.09.23"]
[EventType "tourn"]
[EventCountry "UKR"]
[SourceTitle "playchess.com"]
[Source "ChessBase"]
[SourceQuality "1"]
[TimeControl "5400+30"]

1. d4 {[%emt 0:00:00]} Nf6 {[%emt 0:00:00]} 2. c4 {[%emt 0:00:00]} g6 {[%emt 0:00:07]} 3. Nc3 {[%emt 0:00:00]} Bg7 {[%emt 0:00:04]} 4. e4 {[%emt 0:00:00]} d6 {[%emt 0:00:03]} 5. f3 {[%emt 0:00:02]} Nc6 {[%emt 0:00:11]} 6. Be3 {[%emt 0:01:31]} O-O {[%emt 0:00:07]} 7. Nge2 {[%emt 0:00:13]} a6 {[%emt 0:00:13]} 8. Qd2 {[%emt 0:00:10]} Re8 {[%emt 0:00:04]} 9. Rc1 {[%emt 0:04:25]} Bd7 {[%emt 0:05:28]} 10. b3 {[%emt 0:01:44]} e5 {[%emt 0:02:02]} 11. d5 {[%emt 0:01:37]} Ne7 {[%emt 0:00:04]} 12. g4 {[%emt 0:01:03]} h5 {[%emt 0:03:11]} 13. g5 {[%emt 0:00:39]} Nh7 {[%emt 0:00:06]} 14. h4 {[%emt 0:00:12]} c5 {[%emt 0:01:24]} 15. dxc6 {[%emt 0:26:37]} Bxc6 {[%emt 0:02:06]} 16. Rd1 {[%emt 0:01:05]} Qa5 $16 {[%emt 0:18:07]} 17. Qxd6 {[%emt 0:05:13]} Rad8 {[%emt 0:00:20]} 18. Qc5 {[%emt 0:00:30]} Rxd1+ {[%emt 0:00:06]} 19. Kxd1 {[%emt 0:00:04]} b5 {[%emt 0:00:26]} 20. Kc2 {[%emt 0:04:16]} Bf8 {[%emt 0:07:30]} 21. Qb6 {[%emt 0:03:32]} Qxb6 {[%emt 0:04:06]} 22. Bxb6 {[%emt 0:00:04]} bxc4 {[%emt 0:00:12]} 23. bxc4 {[%emt 0:00:02]} f6 {[%emt 0:00:27]} 24. Be3 {[%emt 0:06:55]} fxg5 {[%emt 0:02:36]} 25. hxg5 {[%emt 0:00:03]} Bd7 {[%emt 0:02:58]} 26. c5 {[%emt 0:06:28]} Be6 {[%emt 0:06:07]} 27. Bh3 {[%emt 0:12:09]} Bxh3 {[%emt 0:00:07]} 28. Rxh3 {[%emt 0:00:01]} Nc6 {[%emt 0:04:01]} 29. Nd5 {[%emt 0:00:40]} Kf7 {[%emt 0:02:26]} 30. Nec3 {[%emt 0:04:56]} Nd4+ {[%emt 0:04:07]} 31. Kd3 {[%emt 0:06:17]} Bxc5 {[%emt 0:00:31]} 32. Na4 {[%emt 0:01:33]} Ba7 {[%emt 0:05:32]} 33. Rh1 {[%emt 0:01:16]} Nf8 {[%emt 0:01:40]} 34. f4 {[%emt 0:01:03]} Nfe6 {[%emt 0:06:07]} 35. f5 {[%emt 0:03:42]} gxf5 {[%emt 0:02:29]} 36. exf5 {[%emt 0:00:44]} Nxg5 {[%emt 0:00:12]} 37. Bxg5 {[%emt 0:02:20]} e4+ {[%emt 0:00:19]} 38. Kc3 {[%emt 0:02:47]} Nxf5 {[%emt 0:06:40]} 39. Rxh5 {[%emt 0:03:52]} e3 {[%emt 0:00:35]} 40. Bf4 {[%emt 0:01:38]} Ng7 {[%emt 0:03:54]} 41. Rh1 {[%emt 0:00:00]} Re4 {[%emt 0:00:38]} 42. Nb2 {[%emt 0:00:37]} Ke6 {[%emt 0:00:29]} 43. Bxe3 {[%emt 0:00:59]} Bxe3 {[%emt 0:00:25]} 44. Nc7+ {[%emt 0:00:22]} Kf5 {[%emt 0:04:06]} 45. Rf1+ {[%emt 0:00:07]} Rf4 {[%emt 0:00:30]} 46. Rxf4+ {[%emt 0:00:14]} Bxf4 {[%emt 0:00:11]} 47. Nxa6 {[%emt 0:00:09]} Ne6 {[%emt 0:01:02]} 48. Kc4 {[%emt 0:00:18]} Ke5 {[%emt 0:01:09]} 49. Kb5 {[%emt 0:00:34]} Kd6 {[%emt 0:02:03]} 50. Nc4+ {[%emt 0:00:44]} Kd7 {[%emt 0:00:22]} 51. Kb6 {[%emt 0:00:23]} Bh2 {[%emt 0:00:29]} 52. Kb7 {[%emt 0:00:32]} Nd8+ {[%emt 0:00:03]} 53. Kb6 {[%emt 0:00:36]} Bg1+ {[%emt 0:00:07]} 54. Nc5+ {[%emt 0:00:43]} Bxc5+ {[%emt 0:00:11]} 55. Kxc5 {[%emt 0:00:02]} Kc7 {[%emt 0:00:05]} 56. a4 {[%emt 0:00:14]} Kb7 {[%emt 0:01:57]} 57. Kb5 {[%emt 0:00:30]} Ne6 {[%emt 0:00:07]} 58. Nd6+ {[%emt 0:00:20]} Ka7 {[%emt 0:00:07]} 59. Nf5 1/2-1/2

[Event "September Lviv Tradition 2019"]
[Site "Lviv"]
[Date "2019.09.26"]
[Round "7.1"]
[White "Frolov, Artur"]
[Black "Goikhman, Valentin"]
[Result "1-0"]
[WhiteElo "2425"]
[BlackElo "2295"]
[Annotator "NA"]
[PlyCount "109"]
[EventDate "2019.09.23"]
[EventType "tourn"]
[EventCountry "UKR"]
[SourceTitle "playchess.com"]
[Source "ChessBase"]
[SourceQuality "1"]
[TimeControl "5400+30"]

1. e4 {[%emt 0:06:07]} c5 {[%emt 0:00:05]} 2. Nf3 {[%emt 0:00:05]} d6 {[%emt 0:00:12]} 3. Bb5+ {[%emt 0:00:25]} Nd7 {[%emt 0:00:31]} 4. c4 {[%emt 0:00:06]} Ngf6 {[%emt 0:01:37]} 5. Nc3 {[%emt 0:00:05]} g6 {[%emt 0:00:33]} 6. O-O {[%emt 0:00:11]} Bg7 {[%emt 0:01:34]} 7. d3 {[%emt 0:00:07]} O-O {[%emt 0:01:17]} 8. Ba4 {[%emt 0:00:03]} Ne5 {[%emt 0:09:34]} 9. Nxe5 {[%emt 0:00:22]} dxe5 {[%emt 0:00:04]} 10. a3 {[%emt 0:00:10]} Bd7 {[%emt 0:07:14]} 11. b4 {[%emt 0:02:00]} Nh5 {[%emt 0:14:58]} 12. bxc5 {[%emt 0:04:29]} Nf4 {[%emt 0:10:41]} 13. d4 {[%emt 0:08:17]} Bxa4 {[%emt 0:04:25]} 14. Nxa4 {[%emt 0:00:15]} Qxd4 {[%emt 0:00:22]} 15. Bxf4 {[%emt 0:03:06]} exf4 {[%emt 0:01:31]} 16. Qxd4 {[%emt 0:00:46]} Bxd4 {[%emt 0:00:04]} 17. Rab1 {[%emt 0:00:05]} Rab8 {[%emt 0:15:24]} 18. Rb3 {[%emt 0:01:20]} Rfc8 {[%emt 0:01:01]} 19. Rfb1 {[%emt 0:00:06]} Rc7 {[%emt 0:03:47]} 20. Kf1 {[%emt 0:01:44]} e5 {[%emt 0:06:03]} 21. f3 {[%emt 0:03:52]} Kg7 {[%emt 0:05:42]} 22. Rb5 {[%emt 0:07:31]} b6 {[%emt 0:07:52]} 23. Ke2 {[%emt 0:06:44]} Ra8 {[%emt 0:03:14]} 24. R1b3 {[%emt 0:03:02]} bxc5 {[%emt 0:01:32]} 25. Nc3 {[%emt 0:00:55]} Bxc3 {[%emt 0:01:23]} 26. Rxc3 {[%emt 0:00:02]} Rd8 {[%emt 0:00:17]} 27. Rd3 {[%emt 0:00:05]} Rd4 {[%emt 0:00:48]} 28. Rxd4 {[%emt 0:00:50]} exd4 {[%emt 0:00:12]} 29. g3 {[%emt 0:07:24]} fxg3 {[%emt 0:00:14]} 30. hxg3 {[%emt 0:00:01]} Rc6 {[%emt 0:01:05]} 31. e5 {[%emt 0:03:36]} Ra6 {[%emt 0:01:37]} 32. Rxc5 {[%emt 0:01:25]} Rxa3 {[%emt 0:00:05]} 33. Rd5 {[%emt 0:00:39]} Re3+ {[%emt 0:00:54]} 34. Kf2 {[%emt 0:00:03]} g5 {[%emt 0:00:33]} 35. f4 {[%emt 0:01:10]} g4 {[%emt 0:00:33]} 36. Rxd4 {[%emt 0:00:10]} Rf3+ {[%emt 0:00:13]} 37. Kg2 {[%emt 0:00:04]} Rc3 {[%emt 0:00:46]} 38. f5 {[%emt 0:00:42]} Re3 {[%emt 0:00:29]} 39. Rxg4+ {[%emt 0:00:34]} Kf8 {[%emt 0:00:25]} 40. c5 {[%emt 0:07:13]} Rxe5 {[%emt 0:00:07]} 41. Rc4 {[%emt 0:00:07]} Ke8 {[%emt 0:00:35]} 42. g4 {[%emt 0:00:24]} a5 {[%emt 0:00:41]} 43. Kf3 {[%emt 0:00:11]} Kd7 {[%emt 0:00:43]} 44. Kf4 {[%emt 0:00:18]} Rd5 {[%emt 0:00:28]} 45. Kg5 {[%emt 0:01:02]} Kc6 {[%emt 0:00:27]} 46. Kf6 {[%emt 0:00:05]} Rd7 {[%emt 0:00:32]} 47. Kg7 {[%emt 0:00:48]} Kb5 {[%emt 0:00:29]} 48. Rc1 {[%emt 0:00:31]} a4 {[%emt 0:00:32]} 49. g5 {[%emt 0:02:26]} a3 {[%emt 0:00:31]} 50. f6 {[%emt 0:00:03]} Kb4 {[%emt 0:00:33]} 51. Kxh7 {[%emt 0:02:10]} a2 {[%emt 0:00:24]} 52. Kg8 {[%emt 0:00:44]} Rd5 {[%emt 0:00:30]} 53. g6 {[%emt 0:02:26]} Rxc5 {[%emt 0:00:21]} 54. Ra1 {[%emt 0:00:01]} fxg6 {[%emt 0:00:42]} 55. Rxa2 1-0